书目信息 |
| 题名: |
我不是教你使坏
|
|
| 作者: | 鬼精灵 编著 | |
| 分册: | ||
| 出版信息: | 北京 中国三峡出版社 2007.01 |
|
| 页数: | 293页 | |
| 开本: | 21cm | |
| 丛书名: | ||
| 单 册: | ||
| 中图分类: | C912.1 | |
| 科图分类: | ||
| 主题词: | 人间交往--ren jian jiao wang--通俗读物 | |
| 电子资源: | ||
| ISBN: | 978-7-80223-314-0 | |
| 000 | 00890nam0 2200241 450 | |
| 001 | 012008331203 | |
| 005 | 20080414091622.35 | |
| 010 | @a978-7-80223-314-0@dCNY20.00 | |
| 100 | @a20080414d2007 em y0chiy0120 ea | |
| 101 | 0 | @achi |
| 102 | @aCN@b110000 | |
| 105 | @ay z 000yy | |
| 106 | @ar | |
| 200 | 1 | @a我不是教你使坏@Awo bu shi jiao ni shi huai@e174个成大事的小诀窍@f鬼精灵编著@Fgui jing ling bian zhu |
| 210 | @a北京@c中国三峡出版社@d2007.01 | |
| 215 | @a293页@d21cm | |
| 330 | @a本书收录了174个现代人需要的生存智慧,活用书中介绍的小诀窍,能帮你保护自我,对付讨厌的家伙。只要懂得如何观貌察色,洞悉人的内心世界等。 | |
| 517 | 1 | @a174个成大事的小诀窍@A174 ge cheng da shi de xiao jue qiao |
| 606 | 0 | @a人间交往@Aren jian jiao wang@j通俗读物 |
| 690 | @aC912.1@v4 | |
| 701 | 0 | @a鬼精灵@Agui jing ling@4编著 |
| 801 | 0 | @aCN@bQSSK@c20080414 |
| 905 | @b292478-80@dC912.1@eG710@f3 | |
| 我不是教你使坏:174个成大事的小诀窍/鬼精灵编著.-北京:中国三峡出版社,2007.01 |
| 293页;21cm |
| ISBN 978-7-80223-314-0:CNY20.00 |
| 本书收录了174个现代人需要的生存智慧,活用书中介绍的小诀窍,能帮你保护自我,对付讨厌的家伙。只要懂得如何观貌察色,洞悉人的内心世界等。 |
| ● |
| 相关链接 |
|
|
|
正题名:我不是教你使坏
索取号:C912.1/G710
 
预约/预借
| 序号 | 登录号 | 条形码 | 馆藏地/架位号 | 状态 | 备注 |
| 1 | 292478 | 202924782 | 社科库509/509社科库 56排7列6层/ [索取号:C912.1/G710] | 在馆 | |
| 2 | 292479 | 202924791 | 社科库509/509社科库 56排7列6层/ [索取号:C912.1/G710] | 在馆 | |
| 3 | 292480 | 202924808 | 社科库509/509社科库 56排7列6层/ [索取号:C912.1/G710] | 在馆 |